000 00728nam a2200169Ia 4500
008 151213s9999 xx 000 0 und d
020 _a984-809022-3
100 _aড. মুহাম্মদ আব্দুল্লাহ।
245 _aইকবাল কাব্যে ইসলামী ভাবধারা।
_cড. মুহাম্মদ আব্দুল্লাহ।
250 _a১ম সং
260 _aউযধশধ
_bটহরাবৎংরঃু এৎধহঃ ঈড়সসরংংরড়হ
_c2006
300 _a4628 p.
650 _aBangla
650 _aইসলাম শিক্ষা
700 _aড. মুহাম্মদ আব্দুল্লাহ।
999 _c2980
_d2980